Govt. of
Madhya Pradesh

The Brahma Sutra The Philosophy of Spiritual Life (Record no. 35024)

MARC details
000 -LEADER
fixed length control field 004510000a22001690004500
003 - CONTROL NUMBER IDENTIFIER
control field MACL
005 - DATE AND TIME OF LATEST TRANSACTION
control field 20151229142000.0
008 - FIXED-LENGTH DATA ELEMENTS--GENERAL INFORMATION
fixed length control field 151229b xxu||||| |||| 00| 0 eng d
040 ## - CATALOGING SOURCE
Original cataloging agency MACL
Transcribing agency MACL
041 ## - LANGUAGE CODE
Language code of text/sound track or separate title English
082 ## - DEWEY DECIMAL CLASSIFICATION NUMBER
Classification number 100/RAD
100 ## - MAIN ENTRY--PERSONAL NAME
Personal name Radhakrishnah, Dr. S.
9 (RLIN) 23951
245 ## - TITLE STATEMENT
Title The Brahma Sutra The Philosophy of Spiritual Life
260 ## - PUBLICATION, DISTRIBUTION, ETC. (IMPRINT)
Name of publisher, distributor, etc. George Allen & Unwing
Date of publication, distribution, etc. 1960
650 ## - SUBJECT ADDED ENTRY--TOPICAL TERM
Topical term or geographic name as entry element Philosophy
9 (RLIN) 23952
942 ## - ADDED ENTRY ELEMENTS (KOHA)
Koha item type Books
Call number prefix 100/Rad
Source of classification or shelving scheme
Holdings
Withdrawn status Lost status Source of classification or shelving scheme Damaged status Not for loan Home library Current library Date acquired Total Checkouts Full call number Barcode Date last seen Uniform Resource Identifier Price effective from Koha item type
          MACL MACL 15/04/2015   100/Rad CLE009900 29/04/2015 35229 15/04/2015 Books